000 00656nam a22002537a 4500
003 UA-OsUOA
001 23397
007 ta
008 20040121b un ||||| |||| 00| 0 ukr d
100 _aКарпенчук С.Г.
090 _a378
_bК26
942 _cBK
040 _aUA-OsUOA
_bukr
_cUA-OsUOA
_dUA-OsUOA
245 _aТеорія і методика виховання
_bНавчальний посібник
300 _a304 с.
_bІлюстрації
955 _a0
041 _aukr
080 _a378
020 _a5-11-004591-7
260 _aКиїв
_bВища школа
_c1997
044 _aUA
650 7 _2UDC
999 _c309644
_d309644